यह थी तन्हाईः (Record no. 15642)
[ view plain ]
| 000 -LEADER | |
|---|---|
| fixed length control field | 01412nam a22002537a 4500 |
| 005 - DATE AND TIME OF LATEST TRANSACTION | |
| control field | 20080924160551.0 |
| 008 - FIXED-LENGTH DATA ELEMENTS--GENERAL INFORMATION | |
| fixed length control field | 080924t xxu||||| |||| 00| f hin d |
| 010 ## - LCCN (DPL NO) | |
| LC control number | HIN-84161 |
| 020 ## - INTERNATIONAL STANDARD BOOK NUMBER | |
| International Standard Book Number | 8186425454 |
| Terms of availability | 95.00 |
| 035 ## - SYSTEM CONTROL NUMBER | |
| System control number | HN-56507 |
| 037 ## - SOURCE OF ACQUISITION | |
| Source of stock number/acquisition | DBAD / PUB |
| 040 ## - CATALOGING SOURCE | |
| Original cataloging agency | DPL |
| Language of cataloging | HN |
| 082 ## - DEWEY DECIMAL CLASSIFICATION NUMBER | |
| Classification number | उ |
| 100 ## - MAIN ENTRY--PERSONAL NAME | |
| Personal name | मिल्यास, खुआन खोसे |
| 245 ## - TITLE STATEMENT | |
| Title | यह थी तन्हाईः |
| Remainder of title | (ला सोलेदाद एरा एस्तो का मूल स्पेनी से अनुवाद) / |
| Statement of responsibility, etc | खुआन खोसे मिल्यास; विभा मोर्य द्वारा अनुदित |
| 260 ## - PUBLICATION, DISTRIBUTION, ETC. (IMPRINT) | |
| Place of publication, distribution, etc | नई दिल्ली |
| Name of publisher, distributor, etc | कॉनफ्लुएंस इंटरनेशनल |
| Date of publication, distribution, etc | 2007 |
| 270 ## - ADDRESS | |
| Address | 203/ई-588,ग्रेटर कैलाश-2 |
| City | नई दिल्ली |
| Postal code | 110048 |
| Telephone number | 911129216832 |
| Electronic mail address | confiuence@connectgroup.in |
| 300 ## - PHYSICAL DESCRIPTION | |
| Extent | 96पृ |
| Dimensions | 22सेमी (अजिल्द) |
| 650 ## - SUBJECT ADDED ENTRY--TOPICAL TERM | |
| Source of heading or term | स्पेनी कथा साहित्य |
| General subdivision | हिन्दी मे. अनुवाद |
| 650 ## - SUBJECT ADDED ENTRY--TOPICAL TERM | |
| Source of heading or term | Spanish fiction |
| General subdivision | Translations into Hindi |
| 700 ## - ADDED ENTRY--PERSONAL NAME | |
| Personal name | मोर्य, विभा |
| 942 ## - ADDED ENTRY ELEMENTS (KOHA) | |
| Source of classification or shelving scheme | Dewey Decimal Classification |
| Item type | Hindi Books |
| Classification part | उ |
| Call number suffix | मिल्यास |
| Withdrawn status | Lost status | Source of classification or shelving scheme | Damaged status | Not for loan | Collection code | Home library | Current library | Date acquired | Cost, normal purchase price | Total Checkouts | Full call number | Barcode | Date last seen | Copy number | Cost, replacement price | Koha item type |
|---|---|---|---|---|---|---|---|---|---|---|---|---|---|---|---|---|
| Dewey Decimal Classification | Not For Loan | Fiction | D.B.Act.Division | D.B.Act.Division | 24/09/2008 | 95.00 | उ मिल्यास | HN-56507 | 24/09/2008 | 1 | 95.00 | Hindi Books |
